Pripomenú si piate výročie tragickej nehody kolegu

Bibliographic Details
Format: Article
Language:Slovak
PhysicalDescription:Fotogr.
ISSN:1335-4566
Subjects:

MARC

LEADER 00000nab a2200000 a 4500
001 vtls008158583
003 SK-MaSNL
005 20260304172058.0
008 050606c20050604xo drz 0 0slo
015 |a KEVKJB2005 
040 |a KEVKJB  |b slo  |c KEVKJB  |e AACR2 
041 0 |a slo 
044 |a xo  |c SK 
080 |a 358.4  |2 UDC-MRF-SK2 
080 |a 797.555.2  |2 UDC-MRF-SK2 
245 0 0 |a Pripomenú si piate výročie tragickej nehody kolegu  |c [autor] (sam) 
300 |b Fotogr. 
500 |a Ľuboš Novák tragicky zahynul dňa 3.6.2000 na Sliači 
600 1 7 |a Novák, Ľuboš  |2 kevkjb  |9 737153 
610 2 7 |a Biele albatrosy (Košice, Slovensko)  |2 kevkjb  |9 29685 
650 0 7 |a letecká akrobacia  |2 kevkjb  |9 70987 
650 0 7 |a letecké nehody  |2 kevkjb  |9 69420 
650 0 7 |a spomienky  |2 kevkjb  |9 55795 
651 7 |a Košice (Slovensko)  |2 kevkjb  |9 18694 
773 0 |t Košický denník Korzár  |g Roč. VIII, č. 129 (4.6.2005), s. 3  |x 1335-4566 
852 |a KEVKJB  |b KIS3GCP 
999 |c 2996507  |d 2998437